Men of Steel : (Record no. 591445)
[ view plain ]
| 000 -LEADER | |
|---|---|
| fixed length control field | 00671nam a22001697a 4500 |
| 003 - CONTROL NUMBER IDENTIFIER | |
| control field | NUST |
| 005 - DATE AND TIME OF LATEST TRANSACTION | |
| control field | 20230206122349.0 |
| 020 ## - INTERNATIONAL STANDARD BOOK NUMBER | |
| International Standard Book Number | 9698125191 |
| 082 ## - DEWEY DECIMAL CLASSIFICATION NUMBER | |
| Classification number | 954.9045,HUS |
| 100 ## - MAIN ENTRY--PERSONAL NAME | |
| Personal name | Hussain, Abrar |
| 9 (RLIN) | 99025 |
| 245 ## - TITLE STATEMENT | |
| Title | Men of Steel : |
| Remainder of title | 6 Armoured Division in the 1965 War / |
| Statement of responsibility, etc. | Maj Gen Abrar Hussain, |
| 260 ## - PUBLICATION, DISTRIBUTION, ETC. | |
| Linkage | Army Education Directorate |
| Name of publisher, distributor, etc. | Rawalpindi |
| Date of publication, distribution, etc. | 2005 |
| 300 ## - PHYSICAL DESCRIPTION | |
| Extent | 153 p |
| 505 ## - FORMATTED CONTENTS NOTE | |
| Formatted contents note | The Background (Page-1), The Prelude to war (Page-4), The War with India (Page-10), Close Air support during 6 Armoured Division operations (Page-58), Logistical aspects (Page-62), Some essential statistics (Page-70), |
| 650 ## - SUBJECT ADDED ENTRY--TOPICAL TERM | |
| Topical term or geographic name entry element | Men of Steel |
| 9 (RLIN) | 99026 |
| 942 ## - ADDED ENTRY ELEMENTS (KOHA) | |
| Source of classification or shelving scheme | |
| Koha item type | Book |
| Withdrawn status | Lost status | Source of classification or shelving scheme | Damaged status | Not for loan | Permanent Location | Current Location | Shelving location | Date acquired | Shelving control number | Total Checkouts | Full call number | Barcode | Date last seen | Date last checked out | Price effective from | Koha item type | Public note |
|---|---|---|---|---|---|---|---|---|---|---|---|---|---|---|---|---|---|
| Military College of Signals (MCS) | Military College of Signals (MCS) | General Stacks | 09/27/2022 | Pakistan History | 1 | 954.9045,HUS | MCS38511 | 10/17/2022 | 09/27/2022 | 09/27/2022 | Book | Almirah No.62, Shelf No.1 | |||||
| Military College of Signals (MCS) | Military College of Signals (MCS) | General Stacks | 02/06/2023 | Pakistan History | 954.9045,HUS | MCS38508 | 02/06/2023 | 02/06/2023 | Book | Almirah No.62, Shelf No.1 |
